00723 a2200205 4500999001900000005001700019010001500036020003100051035001400082037001300096082001400109100002800123245005700151250001700208260003100225270008200256300002600338942003000364952012300394 c183140d18314020211217131112.0 aENG-130393 a978-93-91211-26-4c1495.00 aEN-113925 bDBAD/PUB a297.14b1 aMulla, Dinshaw Fardunji aPrinciples of Mahomedan law:cDinshaw Fardunji Mulla a23th Edition aHaryanabLexis Nexisc2021 a14th floor Building No 10, Tower-B,DLF Cyber City, Phase-IIbGurgaone122002 acii,872p.c24cm (pbk) adplcEN2ddch297.14mMUL 001040708NFICaBNbBNd2021-12-17eDBAD/PUBg1495.00l0o297.14 MULpEN-113925r2021-12-17 00:00:00t1v1495.00yEN